Dni mladých onkológov 18. ročník DMO : odborný program : 22.-24. september 2022, Hotel Tenis, Zvolen

Bibliographic Details
Corporate Author: Dni mladých onkológov Zvolen, Slovensko (Author)
Format: Conference Proceeding Book
Language:Slovak
PhysicalDescription:20 nečíslovaných strán fotografie, ilustrácie 21 cm
Published: [Miesto vydania nie je známe] [vydavateľ nie je známy] [2022]
Subjects:

MARC

LEADER 00000nam a2200000 4500
001 vtls012227314
003 SK-MaSNL
005 20260302090231.0
008 230412s2022 xo oa f 000 0 slo
015 |a SNBA2023/04 
020 |q (brožované) 
040 |a SNK  |b slo  |c SNK  |e rda 
041 0 |a slo 
043 |a e-xo--- 
044 |a xo  |c SK 
072 7 |a 616  |x Patológia. Klinická medicína  |2 konspekt 
080 |a 005.745  |2 2011 
080 |a 616-006.04  |2 2011 
080 |a (437.641)  |2 2011 
080 |a (083.97)  |2 2011 
111 2 |a Dni mladých onkológov  |n (18 :  |d 2022 :  |c Zvolen, Slovensko)  |4 aut  |9 757365 
245 1 0 |a Dni mladých onkológov  |b 18. ročník DMO : odborný program : 22.-24. september 2022, Hotel Tenis, Zvolen 
264 1 |a [Miesto vydania nie je známe]  |b [vydavateľ nie je známy]  |c [2022] 
300 |a 20 nečíslovaných strán  |b fotografie, ilustrácie  |c 21 cm 
336 |a text  |b txt  |2 rdacontent 
337 |a bez média  |b n  |2 rdamedia 
338 |a zväzok  |b nc  |2 rdacarrier 
650 0 7 |a sympózia  |2 SNKPH  |9 22177 
650 0 7 |a onkológia  |2 SNKPH  |9 2540 
650 0 7 |a Symposia  |2 SNKPHeng  |9 550389 
650 0 7 |a Oncology  |2 SNKPHeng  |9 265006 
651 7 |a Zvolen (Slovensko)  |2 SNKPH  |9 14595 
651 7 |a Zvolen (Slovakia)  |2 SNKPHeng  |9 265535 
655 7 |a programy  |2 SNKPH  |9 70598 
655 7 |a Programs  |2 SNKPHeng  |9 330885 
852 |a Slovenská národná knižnica 
954 |a iná literatúra (príručky, kuchárske knihy, hobby literatúra, sprievodcovia) pôvodná (slovenská)  |2 lita 
958 |a MI 
999 |c 1195779  |d 1197709 
952 |a SNK  |b SNK  |y PREZ  |7 0  |p 17A1527758  |o snkOSC 29938  |i snk2023/5866  |8 0  |0 0  |1 0  |4 0  |d 2023-04-12  |l 0  |r 2026-02-24 22:25:42  |w 2026-02-24